ბათუმის შოთა რუსთაველის სახელმწიფო უნივერსიტეტის ბიბლიოთეკა

მუჰამედი. ცხოვრება და რელიგიური მოძღვრება . (ბიბ.ჩანაწერი № 36557)

000 -LEADER
fixed length control field 00773nam a2200217Ia 4500
001 - CONTROL NUMBER
control field 2476
003 - CONTROL NUMBER IDENTIFIER
control field GE_BSU
008 - FIXED-LENGTH DATA ELEMENTS--GENERAL INFORMATION
fixed length control field 181216s||||||||xx |||||||||||||| ||und||
020 ## - INTERNATIONAL STANDARD BOOK NUMBER
International Standard Book Number 9994039040
040 ## - CATALOGING SOURCE
Transcribing agency GE_BSU
080 ## - UNIVERSAL DECIMAL CLASSIFICATION NUMBER
Universal Decimal Classification number 28
245 ## - TITLE STATEMENT
Title მუჰამედი. ცხოვრება და რელიგიური მოძღვრება .
245 ## - TITLE STATEMENT
Statement of responsibility, etc. თარგმნა და შენიშვნ. დაურთო მიხეილ მახარაძემ
260 ## - PUBLICATION, DISTRIBUTION, ETC.
Place of publication, distribution, etc. თბილისი
260 ## - PUBLICATION, DISTRIBUTION, ETC.
Name of publisher, distributor, etc. ინტელექტი
260 ## - PUBLICATION, DISTRIBUTION, ETC.
Date of publication, distribution, etc. 2005
300 ## - PHYSICAL DESCRIPTION
Extent 136 გვ
653 ## - INDEX TERM--UNCONTROLLED
Uncontrolled term მედი. ცხოვრება და რელიგიური მოძღვრება
942 ## - ADDED ENTRY ELEMENTS (KOHA)
Koha item type წიგნი
ეგზემპლარები
Withdrawn status Lost status Damaged status Not for loan Date acquired Barcode Date last seen Price effective from Koha item type
        2018-12-17 1601 2018-12-17 2018-12-17 წიგნი